Ladle, leaf, and loaf, soup, salad, and bread for every season (Record no. 573662)
[ view plain ]
| 000 -LEADER | |
|---|---|
| fixed length control field | 00485nam a22001817a 4500 |
| 003 - CONTROL NUMBER IDENTIFIER | |
| control field | CEME |
| 005 - DATE AND TIME OF LATEST TRANSACTION | |
| control field | 20210628203433.0 |
| 008 - FIXED-LENGTH DATA ELEMENTS--GENERAL INFORMATION | |
| fixed length control field | 210121b xxu||||| |||| 00| 0 eng d |
| 020 ## - INTERNATIONAL STANDARD BOOK NUMBER | |
| International Standard Book Number | 0-395-96715-5 |
| 040 ## - CATALOGING SOURCE | |
| Transcribing agency | . |
| 082 ## - DEWEY DECIMAL CLASSIFICATION NUMBER | |
| Classification number | 641.813 COW |
| 100 ## - MAIN ENTRY--PERSONAL NAME | |
| Personal name | Cowden, Lisa |
| 9 (RLIN) | 65462 |
| 245 ## - TITLE STATEMENT | |
| Title | Ladle, leaf, and loaf, soup, salad, and bread for every season |
| 260 ## - PUBLICATION, DISTRIBUTION, ETC. | |
| Place of publication, distribution, etc. | NEW YORK |
| Name of publisher, distributor, etc. | HOUGHTON MIFFLIN |
| Date of publication, distribution, etc. | 2000 |
| 300 ## - PHYSICAL DESCRIPTION | |
| Extent | 272P |
| 650 ## - SUBJECT ADDED ENTRY--TOPICAL TERM | |
| Topical term or geographic name entry element | SOUPS, SALADS, BREAD |
| 9 (RLIN) | 65463 |
| 942 ## - ADDED ENTRY ELEMENTS (KOHA) | |
| Koha item type | Book |
| Source of classification or shelving scheme | |
| Withdrawn status | Lost status | Damaged status | Not for loan | Permanent Location | Current Location | Shelving location | Date acquired | Total Checkouts | Full call number | Barcode | Date last seen | Price effective from | Koha item type |
|---|---|---|---|---|---|---|---|---|---|---|---|---|---|
| College of Electrical & Mechanical Engineering (CEME) | College of Electrical & Mechanical Engineering (CEME) | General Stacks | 03/31/2017 | 641.813 COW | CEME-41347 | 06/28/2021 | 06/28/2021 | Book | |||||
| College of Electrical & Mechanical Engineering (CEME) | College of Electrical & Mechanical Engineering (CEME) | General Stacks | 03/31/2017 | 641.813 COW | CEME-41348 | 06/28/2021 | 06/28/2021 | Book | |||||
| College of Electrical & Mechanical Engineering (CEME) | College of Electrical & Mechanical Engineering (CEME) | General Stacks | 03/31/2017 | 641.813 COW | CEME-41349 | 06/28/2021 | 06/28/2021 | Book |
